000 00677nam a2200241Ia 4500
003 OSt
005 20220918224224.0
006 a|||||r|||| 00| 0
007 ta
008 220917b |||||||| |||| 00| 0 eng d
024 _a227,269
037 _cTextual
040 _aARTS
_cARTS
_beng
041 _2eng
_aeng
082 _aND4413,9(Q23), P1
100 _aFilliozat Vasundhara
245 0 _aKalamukha and Pasupata temples in Dharwar
260 _aChennai
_bThe Kuppuswami Sastri Research Institute
_c2001
300 _axi, 256p.
_ccm.
650 _aARTS
942 _hND4413,9(Q23), P1
_cTEXL
_2CC
999 _c280635
_d280635